| 000 | 00870cam a2200253 a 4500 | ||
|---|---|---|---|
| 001 | 3014431 | ||
| 005 | 20171214072605.0 | ||
| 008 | 940421s1994 nyu b 001 0 eng | ||
| 010 | _a 94018797 | ||
| 020 | _a0801429803 (cloth : alk. paper) | ||
| 020 | _a0801481791 (paper : alk. paper) | ||
| 040 |
_aDLC _cDLC _dDLC |
||
| 041 | _aeng | ||
| 043 |
_ae-gr--- _an-us--- |
||
| 080 | _a321.8EUB | ||
| 082 | 0 | 0 |
_a321.8EUB _220 |
| 100 | _a19 | ||
| 101 | _aPOL | ||
| 245 | 0 | 0 |
_aAthenian political thought and the reconstruction of American democracy / _cedited by J. Peter Euben, John Wallach, and Josiah Ober. |
| 504 | _aIncludes bibliographical references (p. 341-346) and index. | ||
| 906 |
_a7 _bcbc _corignew _d1 _eocip _f19 _gy-gencatlg |
||
| 942 |
_2ddc _cBK |
||
| 999 |
_c38934 _d38934 |
||